000 00605nam a2200181 i 4500
001 62060
003 ES-MaACL
005 20251105063130.0
007 t|
008 031117s1920 sp ||||1| cat d
100 1 _aFaura i Sans, M.,
_d1883-1941
_948954
245 1 0 _aCalatayud
_b: les bauxites triasiques de la Catalogne /
_cMariano Faura y Sans et J.R. Bataller.
260 _a[S.l. :
_bs.n.,
_c1920]
500 _aExtrait du Bulletin de la Sociètè Gölogique de France, 1920.
700 1 _aBataller Calatayud, José R.
_9142251
852 _aES-MaACL
_j1622-F-13
999 _c62060
_d62060